书目信息 |
| 题名: |
上海市电子计算机应用技术资料汇编
|
|
| 作者: | ;上海市电子计算机应用技术资料汇编编辑部 主编 | |
| 分册: | 第九辑 | |
| 出版信息: | 上海 上海科学技术文献出版社 1985 |
|
| 页数: | 164页 | |
| 开本: | 26cm | |
| 丛书名: | ||
| 单 册: | ||
| 中图分类: | TP399 | |
| 科图分类: | ||
| 主题词: | 计算机应用 | |
| 电子资源: | ||
| ISBN: | ||
| 000 | 00831nam0 2200241 45 | |
| 001 | 0185019572 | |
| 005 | 20040519165849.9 | |
| 010 | @dCNY2.00 | |
| 091 | @a15192.398 | |
| 100 | @a19900923d1985 em y0chiy0121 ea | |
| 101 | 0 | @achi |
| 102 | @aCN@b310000 | |
| 105 | @ay z 000yy | |
| 106 | @ar | |
| 200 | 10 | @a上海市电子计算机应用技术资料汇编@Ashang hai shi dian zi ji suan ji ying yong ji shu zi liao hui bian@h第九辑@f上海市电子计算机应用技术资料汇编编辑部主编 |
| 210 | @a上海@c上海科学技术文献出版社@d1985 | |
| 215 | @a164页@d26cm | |
| 606 | 0 | @a计算机应用 |
| 690 | @aTP399 | |
| 711 | 02 | @a上海市电子计算机应用技术资料汇编编辑部@Ashang hai shi dian zi ji suan ji ying yong ji shu zi liao hui bian bian ji bu@4主编 |
| 801 | 0 | @aCN@b深圳图书馆@c20040519 |
| 801 | 2 | @aCN@bNLC@c20040519 |
| 905 | @f2@b156721-722@dTP399@e23:9 | |
| 上海市电子计算机应用技术资料汇编.第九辑/上海市电子计算机应用技术资料汇编编辑部主编.-上海:上海科学技术文献出版社,1985 |
| 164页;26cm |
| ISBN :CNY2.00 |
| ● |
| 相关链接 |
|
|
|
|
正题名:上海市电子计算机应用技术资料汇编
索取号:TP399/23:9
 
预约/预借
| 序号 | 登录号 | 条形码 | 馆藏地/架位号 | 状态 | 备注 |
| 1 | 0156721 | 001643047 | 密集书库/ [索取号:TP399/23:9] | 在馆 | |
| 2 | 0156722 | 001642949 | 第三借阅区/ [索取号:TP399/23:9] | 在馆 | |
| 3 | 0156723 | 001642958 | 第二样本阅览室/ [索取号:TP399/23:9] | 在馆 |